000 00298nam a22001337a 4500
008 170216b xxu||||| |||| 00| 0 eng d
020 _a9780803643680
041 _aeng
080 _23ED
_a61
100 _a4
101 _aSHM
245 _aNMEDICAL TERMINOLOGY IN FLASH
_cFINNEGAN
942 _2udc
_cBK
999 _c5688
_d5688